| 000 | 00698nam a2200229Ia 4500 | ||
|---|---|---|---|
| 001 | 7065 | ||
| 003 | GE_BSU | ||
| 008 | 181216s||||||||xx |||||||||||||| ||und|| | ||
| 040 | _cGE_BSU | ||
| 080 | _a22см | ||
| 100 | _aБессонов ,Л.А. | ||
| 245 | _aТеоретические основы электротехники в трех томах. | ||
| 245 | _cРед.И.А.Иванов. | ||
| 250 | _aИзд. четвертое. | ||
| 260 | _aМ. | ||
| 260 | _bВысшая школа. | ||
| 260 | _c1964. | ||
| 300 | _a796стр.23см. | ||
| 300 | _eтабл. | ||
| 653 | _aТеоретические основы электротехники в трех томах. | ||
| 942 | _cBK | ||
| 999 |
_c40456 _d40456 |
||